| 000 | 00434nam a2200169Ia 4500 | ||
|---|---|---|---|
| 008 | 221030s9999 xx 000 0 und d | ||
| 020 | _a9971512521 | ||
| 041 | _aEnglish | ||
| 082 |
_a105.23 _bMer |
||
| 100 | _aJ. L. Meriam | ||
| 245 | 0 |
_aEngineering Mechanics - Statics _cby J. L. Meriam, L. G. Kraige |
|
| 260 |
_bJohn Wiley & Sons _aMumbai _c1999 |
||
| 300 | _a524 | ||
| 650 | _aMechanical | ||
| 700 | _aL. G. Kraige | ||
| 942 | _cBK | ||
| 999 |
_c919 _d919 |
||